Phnom Penh : (Record no. 9441)
[ view plain ]
| 000 -LEADER | |
|---|---|
| fixed length control field | 01164nam a22001937a 4500 |
| 001 - CONTROL NUMBER | |
| control field | 9441 |
| 003 - CONTROL NUMBER IDENTIFIER | |
| control field | FISKH |
| 005 - DATE AND TIME OF LATEST TRANSACTION | |
| control field | 20260108113116.0 |
| 008 - FIXED-LENGTH DATA ELEMENTS--GENERAL INFORMATION | |
| fixed length control field | 260108b cb ||||| |||| 00| 0 eng d |
| 040 ## - CATALOGING SOURCE | |
| Original cataloging agency | FISKH |
| Language of cataloging | eng |
| Transcribing agency | FISKH |
| Modifying agency | FISKH |
| 082 ## - DEWEY DECIMAL CLASSIFICATION NUMBER | |
| Classification number | 959.603 |
| 100 ## - MAIN ENTRY--PERSONAL NAME | |
| Personal name | Anonymous |
| 245 ## - TITLE STATEMENT | |
| Title | Phnom Penh : |
| Remainder of title | Capital City & Surroundings – A Contemporary Metropolis with Lots to Offer / |
| Statement of responsibility, etc. | By Annonymous |
| 260 ## - PUBLICATION, DISTRIBUTION, ETC. | |
| Place of publication, distribution, etc. | Phnom Penh : |
| 300 ## - PHYSICAL DESCRIPTION | |
| Extent | 54 pages : |
| Other physical details | color illustrations ; |
| Dimensions | 21 cm . |
| 520 ## - SUMMARY, ETC. | |
| Summary, etc. | This book presents Phnom Penh, Cambodia’s capital, as a modern metropolis full of history, culture, and attractions. It explores the city’s landmarks, museums, markets, riverside areas, and cultural sites, while also covering the surrounding regions. Designed for tourists, students, and general readers, the book highlights urban development, lifestyle, and local traditions, offering practical travel information alongside insights into the city’s historical and contemporary significance. Through photographs and descriptive narratives, it showcases Phnom Penh as a dynamic destination with much to explore. |
| 942 ## - ADDED ENTRY ELEMENTS (KOHA) | |
| Source of classification or shelving scheme | Dewey Decimal Classification |
| Koha item type | Books |
| Suppress in OPAC | No |
| Withdrawn status | Lost status | Source of classification or shelving scheme | Damaged status | Not for loan | Collection | Home library | Current library | Shelving location | Date acquired | Total Checkouts | Full call number | Barcode | Date last seen | Price effective from | Koha item type |
|---|---|---|---|---|---|---|---|---|---|---|---|---|---|---|---|
| Dewey Decimal Classification | Reference | Footprints International School Library Network Toul Tom Poung Campus | Footprints International School Library Network Toul Tom Poung Campus | Librarian's Shelf TTP | 01/08/2026 | ANO 959.603 | 2026-0015 | 01/08/2026 | 01/08/2026 | Books |
